Formula 1 Teams 2020 - Statistics

General Stats
  • This quiz has been taken 459 times
  • The average score is 9 of 10
Answer Stats
Base Team Chief Full Team Name % Correct
Milton Keynes, GBR Christian Horner Aston Martin Red Bull Racing
100%
Brackley, GBR Toto Wolff Mercedes-AMG Petronas F1
100%
Maranello, ITA Mattia Binotto Scuderia Ferrari Mission Winnow
99%
Kannapolis, USA Günther Steiner Haas F1 Team
96%
Woking, GBR Andreas Seidl McLaren F1 Team
96%
Grove, GBR Simon Roberts Williams Racing
94%
Faenza, ITA Franz Tost Scuderia AlphaTauri Honda
90%
Hinwil, SUI Frédéric Vasseur Alfa Romeo Racing ORLEN
87%
Enstone, GBR Cyril Abiteboul Renault DP World F1 Team
87%
Silverstone, GBR Otmar Szafnauer BWT Racing Point F1 Team
76%
No matching quizzes found
Score Distribution
Percent of People with Each Score
Percentile by Number Answered
Your Score History
You have not taken this quiz